[Event "Maresme op 14th"]
[Site "Maresme"]
[Date "2017.11.25"]
[Round "8"]
[White "Goloubev Goloubeva, Maria"]
[Black "Silva Schultze, Luis"]
[Result "0-1"]
[WhiteElo "1481"]
[BlackElo "1750"]
[PlyCount "64"]
[EventDate "2017.09.30"]
[EventType "swiss"]
[EventRounds "9"]
[EventCountry "ESP"]
[SourceTitle "CBM 181 Extra"]
[Source "ChessBase"]
[SourceDate "2017.12.12"]
[SourceVersion "1"]
[SourceVersionDate "2017.12.12"]
[SourceQuality "1"]

1. c4 e5 2. e4 Nf6 3. d3 h6 4. g3 Bc5 5. h3 c6 6. Bg2 d5 7. exd5 cxd5 8. Qe2 Nc6 9. Nf3 0-0 10. 0-0 e4 11. dxe4 Nxe4 12. cxd5 Nxg3 13. Qc4 Qb6 14. dxc6 Nxf1 15. Qxf1 bxc6 16. Nc3 Ba6 17. Qe1 Rfe8 18. Qd2 Rad8 19. Qc2 Bd3 20. Qd2 Bg6 21. Qf4 Bxf2+ 22. Kh1 Bc5 23. b3 Bd6 24. Qd2 Bb8 25. Qb2 Qc7 26. Bd2 Bh5 27. Be1 Qf4 28. Bd2 Qg3 29. Be1 Rxe1+ 30. Rxe1 Bxf3 31. Bxf3 Qxe1+ 32. Kg2 Rd2+ 0-1

[Event "Maresme op 14th"]
[Site "Maresme"]
[Date "2017.11.18"]
[Round "7"]
[White "Silva Schultze, Luis"]
[Black "Molins Rafa, Xavier"]
[Result "1/2-1/2"]
[WhiteElo "1750"]
[BlackElo "1589"]
[PlyCount "132"]
[EventDate "2017.09.30"]
[EventType "swiss"]
[EventRounds "9"]
[EventCountry "ESP"]
[SourceTitle "CBM 181 Extra"]
[Source "ChessBase"]
[SourceDate "2017.12.12"]
[SourceVersion "1"]
[SourceVersionDate "2017.12.12"]
[SourceQuality "1"]

1. e4 e6 2. d4 d5 3. Nc3 Bb4 4. e5 Ne7 5. Bd2 c5 6. a3 Bxc3 7. bxc3 b6 8. g3 0-0 9. Bg2 Nd7 10. Ne2 Ba6 11. 0-0 Rc8 12. Rc1 Nf5 13. Be3 Qe7 14. Kh1 Rc7 15. Re1 Nxe3 16. fxe3 Bxe2 17. Qxe2 cxd4 18. cxd4 Qxa3 19. e4 dxe4 20. Bxe4 Rfc8 21. Rf1 Nf8 22. Bd3 Qc3 23. Rf4 Rd8 24. Qe3 a5 25. Rcf1 a4 26. Rxf7 Ng6 27. Rxc7 Qxc7 28. c4 Ra8 29. Qe4 Rc8 30. Ra1 Qc6 31. Qxc6 Rxc6 32. Rxa4 Nf8 33. Ra7 b5 34. cxb5 Rc1+ 35. Kg2 Rd1 36. Ra3 Nd7 37. Rb3 Nb6 38. h4 g6 39. Kf3 Kf7 40. Ke2 Ra1 41. Rc3 Nd5 42. Rc8 Ra2+ 43. Rc2 Rxc2+ 44. Bxc2 Nc3+ 45. Kd3 Nxb5 46. Ba4 Nc7 47. Kc4 Nd5 48. Kc5 Ne3 49. Bb3 Ke7 50. d5 exd5 51. Bxd5 h6 52. Be4 g5 53. hxg5 hxg5 54. Kd4 Ng4 55. Bf5 Nh6 56. Ke4 Nf7 57. g4 Nh6 58. Kf3 Nf7 59. Ke4 Nh6 60. e6 Kd6 61. Kd4 Ng8 62. Ke4 Nf6+ 63. Kd4 Nd5 64. Be4 Nc7 65. Bb1 Kxe6 66. Ke4 Kf6 1/2-1/2

[Event "Maresme op 14th"]
[Site "Maresme"]
[Date "2017.09.30"]
[Round "1"]
[White "Silva Schultze, Luis"]
[Black "Ventura Alsina, Francesc"]
[Result "1-0"]
[WhiteElo "1750"]
[BlackElo "1393"]
[PlyCount "67"]
[EventDate "2017.09.30"]
[EventType "swiss"]
[EventRounds "9"]
[EventCountry "ESP"]
[SourceTitle "CBM 181 Extra"]
[Source "ChessBase"]
[SourceDate "2017.12.12"]
[SourceVersion "1"]
[SourceVersionDate "2017.12.12"]
[SourceQuality "1"]

1. e4 e5 2. Nf3 d6 3. h3 Nf6 4. Nc3 Be7 5. Bc4 0-0 6. d4 Nbd7 7. Be3 a6 8. a4 b6 9. Qd2 Bb7 10. d5 c6 11. Bd3 cxd5 12. exd5 Re8 13. 0-0 Nf8 14. Be2 Ng6 15. g4 Bc8 16. Nh2 Nh4 17. f4 e4 18. f5 Kh8 19. Bf2 Nxf5 20. gxf5 Bxf5 21. Ng4 Qd7 22. Qd1 g6 23. Bd4 Kg7 24. Qd2 Bxg4 25. Bxg4 Qd8 26. Nxe4 h5 27. Nxf6 Rh8 28. Nxh5+ Kg8 29. Bxh8 Bg5 30. Qd4 Bh6 31. Bf6 Qe8 32. Rae1 Qb8 33. Bg5 Bf8 34. Nf6+ 1-0

[Event "Mataro op 11th"]
[Site "Mataro"]
[Date "2014.10.04"]
[Round "2"]
[White "Silva Schultze, Luis"]
[Black "Puig Vila, Esteve"]
[Result "1-0"]
[WhiteElo "1906"]
[BlackElo "1765"]
[PlyCount "60"]
[EventDate "2014.09.27"]
[EventType "swiss"]
[EventRounds "9"]
[EventCountry "ESP"]
[SourceTitle "EXT 2016"]
[Source "ChessBase"]
[SourceDate "2015.10.08"]
[SourceVersion "1"]
[SourceVersionDate "2015.10.08"]
[SourceQuality "1"]

1. e4 c5 2. Nf3 Nc6 3. d4 cxd4 4. Nxd4 Nxd4 5. Qxd4 Qc7 6. Nc3 a6 7. Be2 e6 8. Be3 d6 9. 0-0 Ne7 10. h4 Nc6 11. Qd2 Be7 12. h5 Bd7 13. a3 Bf6 14. Na4 Qa5 15. Nc3 Bxc3 16. bxc3 d5 17. exd5 Qxd5 18. Qe1 Ne7 19. Rd1 Qa5 20. Bc1 Nd5 21. Bb2 Bc6 22. Bf3 Rc8 23. Qe5 Qc7 24. Qxg7 Ke7 25. Qg5+ Kf8 26. c4 Rg8 27. Qh6+ Ke7 28. cxd5 Bxd5 29. Bf6+ Kd7 30. Bxd5 exd5 1-0

[Event "Mataro op 10th"]
[Site "Mataro"]
[Date "2013.11.16"]
[Round "7"]
[White "Silva Schultze, Luis"]
[Black "Barahona Merino, Gregorio"]
[Result "1-0"]
[WhiteElo "1883"]
[BlackElo "1880"]
[PlyCount "41"]
[EventDate "2013.09.28"]
[EventType "swiss"]
[EventRounds "9"]
[EventCountry "ESP"]
[SourceTitle "EXT 2016"]
[Source "ChessBase"]
[SourceDate "2015.10.08"]
[SourceVersion "1"]
[SourceVersionDate "2015.10.08"]
[SourceQuality "1"]

1. e4 e5 2. Nf3 Nc6 3. Bb5 Nf6 4. 0-0 a6 5. Bxc6 dxc6 6. Nxe5 Nxe4 7. Re1 Qd5 8. d3 Bd6 9. Rxe4 Bxe5 10. f4 f6 11. fxe5 Bf5 12. Nc3 Qd6 13. Re1 0-0-0 14. exf6 Qxf6 15. Ne4 Qg6 16. Ng3 Bg4 17. Qd2 h6 18. Qb4 h5 19. Bd2 h4 20. Qe4 Qd6 21. Qxg4+ 1-0